| 000 | 00666nam a2200217Ia 4500 | ||
|---|---|---|---|
| 003 | GCL | ||
| 008 | 140319s9999 xx 000 0 ara d | ||
| 040 |
_aGCL / _cGCL |
||
| 082 | 0 | 4 |
_a956.5 _bط ا |
| 100 | 1 | _aطلعت شناعة | |
| 245 | 1 | 0 |
_aايام زمان التاريخ الشفوى للأردن وفلسطين / _cطلعت شناعة |
| 700 | 1 | _aطاهر المصرى (تقديم) | |
| 260 |
_a[S.N] : _bالاهلية للنشر والتوزيع ، _c1993 |
||
| 300 | _a232 ص | ||
| 490 | _a | ||
| 650 | 0 | 4 | _aالعادات والتقاليد |
| 650 | 0 | 4 | _aفلسطين |
| 650 | 0 | 4 | _aالمذكرات |
| 650 | 0 | 4 | _aالاردن |
| 942 |
_2ddc _cBK |
||
| 999 |
_c54313 _d54313 |
||